Tudás-szociológia és szociológiai tudás. A társadalmi haladásnak a szociológia fejlődésére gyakorolt befolyásáról
Elmentve itt :
| Szerző: | |
|---|---|
| Adatforrás: | Philobibl |
| Forrásdokumentuma: | Magyar Filozófiai Szemle 8 1964/2., 369-379. p. |
| Dokumentumtípus: | Cikk |
| Nyelv: | magyar |
| LEADER | 00398nab a2200097 c 4500 | ||
|---|---|---|---|
| 001 | bibDOK00007375 | ||
| 005 | 20200924120319.2 | ||
| 008 | 060518s1964 hu hun | ||
| 100 | 2 | |a Arab-Ogli, Edvard | |
| 245 | 1 | 0 | |a Tudás-szociológia és szociológiai tudás. A társadalmi haladásnak a szociológia fejlődésére gyakorolt befolyásáról |c Arab-Ogli, Edvard |
| 773 | 0 | |t Magyar Filozófiai Szemle 8 |g 1964/2., 369-379. p. | |